000 00819cam a22002777a 4500
003 CHAP
005 20220329141505.0
008 971013s1988 r 00010 d
010 _a68963
011 _a69935
035 _a79413
040 _cCHAP
090 _aFolleto 12300
245 0 _aCentro Internacional de la Papa
260 _aLima :
_bEl Centro,
_c1988
300 _a[23] p.
_b: ilus.
590 _aBATCH-UPD
_b10
_c20130110
_lUCH01
_h1748
590 _aBATCH-UPD
_b10
_c20130410
_lUCH01
_h1126
590 _aBATCH-UPD
_b10
_c20130914
_lUCH01
_h1852
590 _aCONVERSION
_b10
_c20130109
_lUCH01
_h1338
650 1 4 _aOrganismos Internacionales Agrícolas.
_983526
650 1 4 _aPapa
_xInvestigación.
_985254
901 _aBK
942 _cFOLL
949 _aFolleto 12300
_bBC
_cFOLL
_d-32301
_eTS1
_i79413
_mD
_si
999 _c68963
_d68963